Statistics for Places in Hampshire

Click here to take the quiz!

General Stats

  • This quiz has been taken 197 times
  • The average score is 14 of 57

Answer Stats

PopulationPlace Name% Correct
653,985Southampton
99%
205,698Portsmouth
95%
107,318Basingstoke
80%
28,401Eastleigh
62%
42,387Fareham
62%
45,925Havant
60%
17,852Alton
58%
65,895Farnborough
55%
82,711Gosport
55%
36,351Aldershot
54%
62,787Andover
51%
65,894Waterlooville
51%
14,589Petersfield
50%
38,567Fleet
49%
9,387Lymington
43%
14,195Ringwood
33%
9,496Emsworth
29%
20,854Hedge End
26%
8,458Liphook
23%
6,254Liss
23%
5,124Botley
21%
25,846New Milton
19%
7,102Portchester
19%
6,758Bishop’s Waltham
18%
11,701Tadley
17%
16,371Bordon
16%
14,258Fawley
15%
6,024Fordingbridge
15%
12,958Horndean
15%
5,698Odiham
15%
6,685Whitchurch
14%
6,784Denmead
13%
5,158Oakley
13%
8,842Bedhampton
11%
10,245Fair Oak
11%
7,254Old Basing
11%
7,298Lee-on-the-Solent
10%
7,154Warsash
9%
20,315Yateley
9%
9,978Bishopstoke
8%
8,479 Church Crookham
8%
6,154Marchwood
8%
5,483 New Alresford
8%
9,157Purbrook
8%
6,191Bursledon
7%
5,459Barton on Sea
6%
9,357Cowplain
6%
5,012 Hartley Wintney
5%
7,358Sarisbury
5%
6,012Pennington
4%
29,458Totton and Eling
4%
5,368Deane
3%
5,897Cove
2%
9,958 Hart Plain
2%
5,658Hordle
2%
7,152Hound
2%
6,103Welborne
1%

Score Distribution

Percentile by Number Answered

Percent of People with Each Score

Your Score History

You have not taken this quiz